Великий терор. Сталінські чистки тридцятих років (Запис № 412489)
[ простий вигляд ]
| 000 -Лідер | |
|---|---|
| fixed length control field | 01936nam a22002657a 4500 |
| 001 - Контрольний номер | |
| control field | 125276 |
| 003 - Ідентифікатор контрольного номера | |
| control field | UA-OsUOA |
| 005 - Дата та час останнього входження (трансакції) | |
| control field | 20230627162120.0 |
| 007 - Фіксоване поле фізичного опису | |
| fixed length control field | ta |
| 008 - Елементи даних фіксованої довжини – загальна інформація | |
| fixed length control field | 20170912b un ||||| |||| 00| 0 ukr d |
| 020 ## - Міжнародний стандартний книжковий номер (ISBN) | |
| Міжнародний стандартний книжковий номер (ISBN) (НП) | 9789668575008 |
| 040 ## - Джерело каталогізації | |
| Агенція оригінальної каталогізації | UA-OsUOA |
| Мова каталогізації | ukr |
| Агенція, яка здійснювала перезапис | UA-OsUOA |
| Агенція, яка здійснювала модифікацію | UA-OsUOA |
| 041 ## - Код мови | |
| Код мови тексту/ звукової доріжки чи окремого заголовка (П) | ukr |
| 080 ## - Індекс Універсальної десяткової класифікації | |
| Індекс Універсальної десяткової класифікації (УДК) (НП) | 82-94(477) |
| 090 ## - Локальний шифр розміщення | |
| Класифікаційний індекс УДК | 82-94(477) |
| Авторський знак (НП) | К64 |
| 100 ## - Основне введення – ім’я особи | |
| Ім’я особи (НП) | Конквест Р. |
| 245 ## - Відомості про назву | |
| Назва (НП) | Великий терор. Сталінські чистки тридцятих років |
| Дані про відповідальність (НП) | Роберт Конквест ; пер. з англ. Наталії Волошинович, Зорини Корабліної |
| 260 ## - Публікація, розповсюдження і т.п. (Вихідні дані) | |
| Місце публікації, розповсюдження і т.п. (П) | Луцьк |
| Ім’я/ наймення видавництва, розповсюджувача і т.п. (П) | Терен |
| Дата публікації, розповсюдження і т.п. (П) | 2009 |
| 300 ## - Фізичний опис | |
| Обсяг | 880 с. |
| 520 ## - Резюме і т.п. | |
| Резюме, реферат, анотація, тощо (НП) | Книга Р. Конквеста "Великий терор" - вражаюче за своєю ґрунтовністю й фаховістю дослідження періоду сталінських репресій 30-х років ХХ століття. За допомогою наукових джерел, письмових свідчень очевидців та жертв терору, документів тієї епохи автор проливає світло на один із найбільш замовчуваних періодів історії СРСР. Погляд західного дослідника на перебіг подій особливо цікавий ще й тому, що це - незаангажований погляд зі сторони. А представлений у книзі аналіз терору як явища неодмінно стане ґрунтом для нових досліджень сучасних українських істориків. |
| 650 #7 - Додаткове предметне введення – тематичний термін | |
| Тематичний термін чи географічна назва, як елемент введення (НП) | 82 Література. Літературознавство |
| Джерело заголовка чи терміна | UDC |
| 942 ## - Додаткові елементи входу (Коха) | |
| Тип елемента Koha | Книги |
| Source of classification or shelving scheme | Universal Decimal Classification |
| 955 ## - Код типу видання за змістом | |
| Код типу видання за змістом (НП) | Науково-популярні видання |
| Стан вилучень | Стан втрат | Джерело класифікації або схеми стелажів | Стан уражень | Не для кредиту | Код колекції | Постійне місце розташування | Поточне розміщення | Дата придбання | Джерело придбання | Вартість, звичайна ціна покупки | Інвентарний номер | Усього замовленно | Повний номер виклику | Штрих-код | Дата останнього перегляду | Ціна ефективна від | Тип елемента Koha | Вартість, ціна заміни |
|---|---|---|---|---|---|---|---|---|---|---|---|---|---|---|---|---|---|---|
| Universal Decimal Classification | Колекція Жулинського М.Г. | АБ - Абонемент НБ | АБ - Абонемент НБ | 12/09/2017 | 34/2017 | 20.00 | 155308 | 821.161.2 К64 | 155308 | 24/12/2021 | 12/09/2017 | Книги | ||||||
| Universal Decimal Classification | ЧЗ - Читальна зала | ЧЗ - Читальна зала | 27/06/2023 | №23/27.06.2023 | 20.00 | 82-94(477) К64 | 165959 | 27/06/2023 | 27/06/2023 | Книги | 20.00 |